| 000 | 00568nam a2200145 a 4500 | ||
|---|---|---|---|
| 008 | 120416s1976 ||||||||||||||||| || u | ||
| 050 | _aNA 2750 Pla | ||
| 100 | _aMills, Edward David | ||
| 245 | 1 | 0 |
_aPlanning : buildings for administration, entertainment and recreation _cedited by Edward David Mills |
| 250 | _a9th ed. | ||
| 260 |
_aLondon _bNewnes-Butterworths _c1976 |
||
| 300 | _a5v. : ill. | ||
| 350 | _a0.00 | ||
| 995 |
_D0.00 _FCBU-MAIN LIBRARY (Kitwe) _H1 _I0.00 _UAVAILABLE _ZAnnex Low-Usage Collection |
||
| 999 |
_c53699 _d53699 |
||